Manual de automóviles : manual de instrucción práctica

Bibliographic Details
Format: Section = Libro
Language:Undetermined
Spanish
Published: México Continental 1960
Subjects:
LEADER 00465nam a2200157Ia 4500
008 240829s9999 xx 000 0 und d
040 |a BIBLIOTECA-RUPAP Ref 629.2 O32 
041 |a spa 
082 |a Ref 629.2 O32 
245 1 0 |a Manual de automóviles : manual de instrucción práctica 
260 |a México  |b Continental  |c 1960 
300 |a 350 p. :il. 
650 7 |a AUTOMOVILES - CUIDADO Y REPARACION - MANUALES. I. Tít. 
942 |c BK  |2 ddc 
991 |a TEXTO 
999 |c 9350